Improving measurements.

Zhodnotenie a uplatnenie štatistických metód v štatistickom riadení výrobných procesov na závodoch. Popis zavádzania štatistického riadenia výrobného procesu v závode na výrobu elektroniky.

Gespeichert in:
Bibliographische Detailangaben
1. Verfasser: Coleman, D.E
Weitere Verfasser: Stein, Philip G.
Format: Buchkapitel
Sprache:Englisch
Schlagworte:
Tags: Tag hinzufügen
Keine Tags, Fügen Sie das erste Tag hinzu!

MARC

LEADER 00000naa a2200000 4500
001 r002601
005 20220819183032.6
041 0 |a eng 
044 |a US 
245 1 0 |a Improving measurements.  |c D.E. Coleman, Philip G. Stein 
520 |a Zhodnotenie a uplatnenie štatistických metód v štatistickom riadení výrobných procesov na závodoch. Popis zavádzania štatistického riadenia výrobného procesu v závode na výrobu elektroniky. 
610 2 0 |a podnik 
610 2 0 |a metódy štatistické 
610 2 0 |a riadenie výroby 
610 2 0 |a elektronika 
100 1 |a Coleman, D.E. 
700 1 |a Stein, Philip G.